000 00529nam a2200193Ia 4500
003 GCL
008 140319s9999 xx 000 0 eng d
040 _aGCL /
_cGCL
082 0 4 _a615.781
_bB O
100 1 _aBOULTON, THOMAS B.
245 1 0 _aOSTLERE & BRYCE-SMITH'S: ANAESTHETICS MEDICAL STUDENT /
_cBOULTON, THOMAS B.
700 1 _aBLOGG, COLIN E.
260 _a[S.N] :
_bELBS CHURCHILL LIVINGSTONE ،
_c1991
300 _a271 P
650 0 4 _aPHYSICIANS
650 0 4 _aSURGERY
650 0 4 _aANAESTHESIA
942 _2ddc
_cBK
999 _c20484
_d20484